| 000 | 00734nam a2200217 a 4500 | ||
|---|---|---|---|
| 005 | 20260415064144.0 | ||
| 008 | 010620s1997 mx r 000 0 spa d | ||
| 020 | _a8485851889 (obra completa) | ||
| 035 | _aUPN01000108682 | ||
| 049 | _aCG | ||
| 050 | 4 |
_aLB1725 E8 _bG2.6 |
|
| 100 | 1 |
_aGarcía Vidal, Jesús _931197 |
|
| 245 | 1 | 0 |
_aTemario de oposiciones : _bpsicopedagogía / _cJesús García Vidal, Daniel González Manjón. |
| 260 |
_aMadrid : _bEOS, _c1997. |
||
| 300 | _a3 v. | ||
| 500 | _a"El volumen 2 incluye un disquete 3 1/2 pulg." | ||
| 650 | 4 |
_aMaestros _xFormación profesional _zEspaña _9783 |
|
| 650 | 4 |
_aPSICOPEDAGOGIA - _xPLANES Y PROGRAMAS |
|
| 700 | 1 |
_aGonzález Manjón, Daniel, _ecoaut. _928884 |
|
| 905 | _aLibro | ||
| 999 |
_c82593 _d82593 |
||